000 00534nam a2200181 a 4500
001 5651
003 CO-ViMGA
008 141112s2004 ck r 000 u spa d
040 _aCO-ViMGA
_bspa
_cCO-ViMGA
082 0 4 _a340.9 L334d
245 1 0 _aLegislación básica de derecho internacional privado /
_cBorrás Rodríguez Alegría y otros
250 _a6a
260 _aMadrid :
_bTecnos,
_c1996
300 _a813 p
650 1 4 _aBorrás Rodríguez, Alegría
_94064
650 1 4 _aDERECHO INTERNACIONAL PRIVADO
_94065
942 _2ddc
_cBK
999 _c17632
_d17632